| 000 | 01430nam a2200229Ia 4500 | ||
|---|---|---|---|
| 003 | OSt | ||
| 005 | 20241029135349.0 | ||
| 007 | ca aa aaaaa | ||
| 008 | 201103s9999 xx 000 0 und d | ||
| 040 | _cSSBUL | ||
| 041 | _abur | ||
| 082 |
_223 _a၂၉၄.၃၄၄၃ ဝိ _b၁၃၅၃၀ S-KZN |
||
| 100 | 0 |
_aဝိစိတ္တသာရာဘိဝံသ၊ အရှင် (မင်းကွန်းဆရာတော်)။ _951493 |
|
| 245 | 1 | 0 |
_aမေတ္တသုတ်ပရိတ်တရားတော်= The Safeguard of The Discourse on Loving - Kindness / _cအရှင်ဝိစိတ္တသာရာဘိဝံသ(မင်းကွန်းဆရာတော်)၊ ဘာသာပြန်သူ ဦးဝင်းဖေ။ |
| 260 |
_aရန်ကုန် ၊ _bတိပိဋက=နိကာယသာသနာပြုဥပဌာနစာအုပ်စာပေ၊ အနုပညာနှင့်မော်ကွန်းအဖွဲ့၊ _c၁၉၉၅။ |
||
| 300 |
_a၁၉၁ စာမျက်နှာ ၊ _c၁၈ စင်တီ။ |
||
| 500 | _a အင်္ဂလိပ်-မြန်မာနှစ်ဘာသာဖြင့် ရေးသားထားသည်။ | ||
| 500 | _aS-KZN: Prof. Kyaw Zaw Naing S-SAT: Dr. Sai Aung Tun | ||
| 650 | _aဗုဒ္ဓတရားတော် | ||
| 700 |
_aဝင်းဖေ၊ ဦး _911757 |
||
| 942 |
_2ddc _cBK1 |
||
| 999 |
_c16621 _d16621 |
||